La Petite Maison dans la Prairie en 100 clics - Statistiques

Statistiques générales
  • Ce quiz a été pris 22 fois
  • Le résultat moyen est 41 sur 100
Statistiques - réponses
Hint Réponse % Correct
Qui s'endort avec la lanterne allumée au-dessus de la paille dans la grange, déclenchant un incendie et abimant un beau livre prêté par Mlle Beadle pour préparer un concours d'histoire ? Mary Ingalls
80%
Qui trouve 1 penny dans sa boîte et choisit de s'acheter une jolie étoile argentée plus chère qu'un penny (que Mme Oleson accepte de céder malgré le prix) puis l'offre au petit Jésus et la place au sommet du sapin lors de Noël ? Carrie Ingalls
73%
Qui termine la narration du 1er épisode (hors pilote) en disant : « Papa a dit qu’il était content d’être venu habiter dans cette région, parce qu’ici il avait découvert quelque chose qu’il n’avait encore jamais connu : l’amitié. » Laura Ingalls
73%
Lors du 1er jour de classe dans la série, qui se fait humilier en demandant à l'institutrice comment Willie pourra effacer tout ce qu'il a écrit au tableau ? Laura Ingalls
73%
Qui décide de mettre des pommes dans son soutien-gorge pour plaire à un dénommé Jimmy ? Laura Ingalls
73%
Qui travaille chez Mme Whipple, la couturière du village, pour que celle-ci l'aide à coudre la chemise de Charles qu'elle souhaite lui offrir à Noël ? Mary Ingalls
73%
Qui est le professeur de Mary à l'école spécialisée pour aveugles de Burton dans l'Iowa ? Adam Kendall
67%
Qui assiste le Dr Baker pour l'accouchement de Beth Novak et la naissance du petit garçon Stanley Novak Junior ? Caroline Ingalls
67%
Qui fait la chasse aux papillons et fait une chute dans un trou d'une grande profondeur avant d'être sauvé grâce aux compétences d'un ivrogne? Carrie Ingalls
67%
Durant un pique-nique, qui se casse quatre côtes en tombant d'un arbre en voulant aller chercher un cerf-volant coincé dans les branches ? Charles Ingalls
67%
Qui se sachant condamné(e) demande à Charles et Caroline de trouver un foyer pour ses trois enfants : John, Carl et Alicia ? Julia Sanderson
67%
Lorsque Charles Ingalls demande à toute la famille de faire une prière pour que le bébé (mal en point) Charles Jr. se rétablisse, qui ne fait pas la prière et se sent ensuite responsable de sa mort ? Laura Ingalls
67%
La veille de Noël, qui autorise les enfants du village à partir plus tôt à cause d'un début de chute de neige avant que ces derniers se perdent un peu partout dans le Blizzard ? Mlle Beadle
67%
Qui se vante auprès de Laura en disant que sa mère va lui donner 10 cents pour les A et 5 cents pour les B dans l'épisode où Mary a des lunettes ? Nellie Oleson
67%
Qui chute de son cheval Bunny parce qu'elle l'a affolé en multipliant les coups et simule une paralysie des jambes ? Nellie Oleson
67%
Qui se blesse à la jambe avec un fil de fer et trouve la force nécessaire pour chauffer une lame et exciser la plaie pour éviter la septicémie ? Caroline Ingalls
60%
Qui s'endort dans une mongolfière qui est détachée volontairement par un dénommé Patrick et s'envole ? Carrie Ingalls
60%
Qui rêve qu'une belle fille qui lui ressemble, nommée Alyssa, l'emmène dans un monde où il y a des fraises aussi grandes qu'elle avec d'autres fruits ? Carrie Ingalls
60%
Qui pense toucher un gros héritage d'un vieil oncle excentrique mais c'est en fait une somme d'argent en dollars confédérés donc sans valeur ? Charles Ingalls
60%
Qui décide d'acquérir une résidence d'été, payer les impôts de la maison de Kezia, dans les bois, en prendre possession et forcer Kezia à devenir sa servante et faire la cuisine et les corvées ? Harriet Oleson
60%
Qui préfère marcher plutôt que de devoir s'assoir sur un chariot à côté de Joe Kagan durant le transfert de l'école des aveugles ? Harriet Oleson
60%
Qui termine 2e d'un concours de Mathématiques et est fêté(e) par tout Walnut Grove à son retour ? Mary Ingalls
60%
Au début de la série, quand les filles Ingalls entrent pour la première fois dans la salle de classe, qui les fixe d'un air condescendant avant de dire : « Tiens ? Des paysannes... » Nellie Oleson
60%
À qui Charles offre un veau qui se fera appeler Fagin ? Albert Ingalls
53%
Suite à l'incendie de leur grange, qui trouve un travail à La Poste de Walnut Grove mais son mari refuse qu'elle y travaille ? Alice Garvey
53%
A qui Isaiah Edwards offre t-il un fusil pour son anniversaire ? John Edwards
53%
Qui n'admire chez Laura que sa façon d'accrocher les hameçons et préfère sa soeur Mary au point de graver ses initiales et celles de Mary sur l'arbre aux amoureux ? Johnny Johnson
53%
Qui essaye de mettre un terme au flirt entre Caroline et Chris Nelson, un homme qui s'est proposé pour finir des travaux dans la cuisine, dans un épisode où Charles s'absente ? Mary Ingalls
53%
Qui apprend que Laura a volé sa boîte à musique et lui fait du chantage ? Nellie Oleson
53%
Qui est muet, exerce le métier de marchand ambulant et fabrique une cloche pour l'église avec l'aide des enfants après l'école ? Tinker Jones
53%
Qui passe devant le magasin d'antiquités et aperçoit le violon de Charles en vitrine à Winoka quand ce dernier l'a vendu pour aider Albert ? Caroline Ingalls
47%
Qui se blesse au cours de la guerre de Sécession et revient à Walnut Grove en qualité de professeur de musique, donnant des leçons à Mary et Nellie notamment ? Granville Whipple
47%
Qui accepte un travail de serveuse dans le saloon de M. Standish à Winoka ? Harriet Oleson
47%
Qui, à la demande de son éditeur, est engagé(e) pour rédiger une chronique… de ragots qui provoquent des dégâts à Walnut Grove ? Harriet Oleson
47%
Avec qui Charles pose de la dynamite pour la construction d'un tunnel avec des ouvriers chinois lorsqu'il doit de l'argent à l'hôpital ? Isaiah Edwards
47%
Qui propose à Mary un chewing-gum lors d'un voyage à Chicago avec Charles pour une convention rurale de fermiers "La Grange" ? John Edwards
47%
Qui fait une violente chute dans la grange en soignant le nouveau cheval que Charles a ramené, provoquant une infection de l'intestin nécessitant une opération chirurgicale urgente à l'hôpital de Rochester ? Mary Ingalls
47%
Qui accouche d'un garçon dans l'épisode où Caroline accouche de Grace ? Mlle Beadle
47%
Qui tombe amoureuse de Luke Simms et décide de fuguer avec lui à Sleepy Eye ? Nellie Oleson
47%
Dans le cadre du bal de Printemps, à qui Laura promet t-elle des billes pour qu'il fasse semblant d'être son amoureux et rendre jaloux un dénommé Henry Henderson ? Willie Oleson
47%
Qui fait tourner la machine parlante en cachette quand Nellie piège Laura sur ses sentiments pour un garçon ? Willie Oleson
47%
Qui fait une crise de panique pour traverser une rivière lors du transfert de l'école des aveugles de Winoka à Walnut Grove ? Adam Kendall
40%
Avec qui Laura s'échappe en douce de Walnut Grove pour se rendre en wagonnet sur la côte de Californie pour accompagner le jeune peintre talentueux Dylan Whitaker atteint d'une leucémie incurable ? Albert Ingalls
40%
Qui avoue à Laura qu'elle a volé un ruban à M. Oleson, ce qui l'empêchera selon elle d'aller au paradis si elle meurt dans l'épisode où elles sont en quarantaine avec Mr Edwards à cause d'une épidémie de fièvre mortelle ? Alicia Edwards
40%
Qui se retrouve avec de la peinture verte sur la tête à cause d'un piège posé par Laura pour attraper un voleur de poulets ? Charles Ingalls
40%
Qui meurt noyé(e) lors d'une baignade avec Laura et Mary ? Ellen Taylor
40%
Lors de l'élection du chef de classe de Walnut Grove, il y a 3 candidats : Nellie Oleson, Mary Ingalls et ? Elmer Dobkins
40%
Avec qui Laura, Mary et Nelly montent une petite pièce de théâtre avec un extrait du livre Les Quatre Filles du docteur March ? Ginny Clarke
40%
Qui décide de s'envoyer une lettre à elle ou lui-même en imprégnant l'enveloppe de parfum de mélisse pour rendre de jalousie la personne qu'il ou elle convoite ? Isaiah Edwards
40%
Qui accompagne Charles à la chasse lorsque ce dernier se blesse accidentellement et sérieusement et demande de l'aide à un aveugle vivant dans les parages ? Laura Ingalls
40%
Qui tombe sur un certain nombre de bouteilles contenant des messages, dont une photo d'une fille mystérieuse puis trouve un bébé abandonné ? Laura Ingalls
40%
À qui Charles, en compagnie de Mary, livre un nouveau service à vaisselle en porcelaine française ? Mme Thurmond
40%
Qui dîne avec Almanzo Wilder lorsque Laura force sur la quantité de poivre assaisonnant le plat ? Nellie Oleson
40%
Qui se fait renverser des oeufs sur la tête au magasin sous les yeux de Caroline qui s'en va, gênée ? Nels Oleson
40%
Qui à Walnut Grove dit à Charles Ingalls qu'il est "l'homme le plus riche du village" à la fin de l'épisode où Charles doit cumuler les boulots pour que sa famille puisse manger ? Nels Oleson
40%
Qui boite depuis sa naissance car il ou elle a une jambe plus courte que l'autre et se voit offrir une chaussure spéciale par Charles Ingalls qu'il a fabriqué pour qu'il ou elle puisse marcher comme les autres ? Olga Nordstrom
40%
Qui rencontre Charles Ingalls et lui propose d'être son esclave, en échange de son éducation ? Salomon
40%
Dans le match de football américain à Winoka, qui marque le dernier touchdown (essai) donnant le match nul 26 à 26 ? Albert Ingalls
33%
Qui est avec Laura et Mary quand le wagon du personnel se détache lors d'un déplacement à la gare pour étudier les trains ? Carl Edwards
33%
Lors de la partie de baseball à Walnut Grove, qui vient frapper dans la balle mais est tellement heureux d'avoir lancé qu'il oublie de courir. (Cependant, il réussit quand même) puis plus tard sort des toilettes en courant et se met en place quand c'est de nouveau son tour et que tout le monde le cherche ? Isaiah Edwards
33%
Qui propose à sa famille et aux Ingalls de partir chercher de l'or à 600 kilomètres de là, dans le Dakota ? Isaiah Edwards
33%
Qui est le grand gaillard que les 2 écoles de Winoka s'arrachent pour le match de football américain ? Luke Hoskins
33%
De qui le riche homme d'affaires Olaf Lundstrom est il le cousin ? On l'apprend dans un épisode où Olaf lui confie son fils Peter pour apprendre le sens des valeurs ? Nels Oleson
33%
Qui découvre le stratagème mis en place par Nellie pour obtenir des bonnes notes à l'école et s'apprête à dévoiler la supercherie avant que la jeune fille décide de le faire chanter ? Andy Garvey
27%
Qui a recueilli le révérend Alden très malade, lui dérobe son habit sacerdotal et se fait passer pour un prêtre à Walnut Grove ? Caleb Hodgekiss
27%
Qui monte sur le ring à Walnut Grove et bat le boxeur Joe Kagan ? Charles Ingalls
27%
Qui est logé chez Brett Harper (un peu trop tourné vers l'alcool et les filles) pour acheter des chevaux et fait connaissance avec Mme Harper et ses deux enfants, tous en mal d'affection? Charles Ingalls
27%
Qui annonce à Charles et Caroline que Mary va perdre la vue dans peu de temps ? Docteur Burke
27%
Pour qui Kate Thorvald, la nièce d'Harriet a t-elle un coup de foudre (réciproque) qui se termine par une demande en mariage sans suite (elle repart chez elle) ? Docteur Hiram Baker
27%
Pour l'occasion du match de baseball à Walnut Grove, Nels Oleson propose d'appeler l'équipe "Les Marchands", le Révérend propose "Les enfants du seigneur", Lars Hanson "Les Menuisiers" ; qui propose "les Muligan" ? Docteur Hiram Baker
27%
Qui remplace Melle Beadle pour faire la classe à cause d'élèves perturbateurs (dont un dénommé Hermann) avec des méthodes stricts et rigides et prend en grippe spécialement Laura ? Hannibal Applewood
27%
Qui se fait charger par le bouc Fred en étendant son linge et fini couvert(e) de terre ? Harriet Oleson
27%
Qui, sur douze jurés, est le ou la seul(e) qui juge Larrabee non coupable de l'incendie de la grange des Garvey (Andy ayant oublié d'éteindre une lanterne) ? Joe Kagan
27%
Qui lit à Mary le poème "Quand nous nous séparâmes l’un de l’autre" (When We Two Parted) de Lord Byron ? John Edwards
27%
Lors d'un déplacement à Mankato, pour qui Mr Edwards convainc "ses amis" de le laisser gagner au poker dans le but de lui donner une leçon pour perdre plus ensuite, mais au final la personne en question s'arrête avant avec ses gains et s'entiche du certaine Mlle Mimy (qui s'interesse à son argent) ? Johnny Johnson
27%
Laura et Andy viennent au secours d'une louve prise dans le piège. À qui appartient ce piège ? Jud Larabee
27%
Avec qui lors du Conseil des anciens de Walnut Grove, Harriet Oleson vote contre l'admission de Joe Kagan dans la communauté de Walnut Grove ? Jud Larabee
27%
Qui est le plus gros producteur du village et qui finit par céder à la pression en vendant son blé moins cher, par haine envers Joe Kagan ? Jud Larabee
27%
Dans l'épisode où le cheval Bunny meurt, qui laisse une lettre d'adieu touchante à Laura, expliquant qu'il avait fait beaucoup de promesses dans sa vie qu'il n'avait pas tenues ? Lansford Ingalls
27%
Suite à une dispute chez les Oleson, qui essaye de les aider en courtisant Mme Oleson pour rendre Nels jaloux (mais cela fait l'effet inverse) ? Lars Hanson
27%
Qui se voit confier un border collie recueilli par son père lors d'une course à Mankato dans l'épisode où Kezia arrive à Walnut Grove ? Laura Ingalls
27%
Lors de l'épisode de flashback sur la rencontre entre Caroline et Charles, qui est l'instituteur de Charles (avec lequel il a des problèmes) ? Mr Watson
27%
A qui Laura et Mary veulent elles faire un beau cadeau d'anniversaire en achetant des médicaments et en tentant de les vendre sans y parvenir une seule fois ? Reverend Robert Alden
27%
Lors de la fête au village, qui affronte Mary au saut à la corde et finit par gagner quand Mary glisse et se tord la cheville ? Willie Oleson
27%
Qui se promène avec Laura dans l'épisode de l'Or lorsqu'ils sont surpris par Zacharie dans une cabane qu'ils croient abandonné ? Carl Edwards
20%
Qui meurt dans une explosion de dynamite dans l'épisode où Charles Ingalls est contraint de travailler dans une carrière à la suite d'une tempête de grêle détruisant la récolte ? Jack Peters
20%
Qui sans le faire exprès fait tomber la poupée de Laura qui se casse et pour se faire pardonner lui donne un raton laveur que Laura va appeler Gaspard ? Mary Ingalls
20%
Qui travaille pour Jesse James et son frère quand ils sont en cavale à Walnut Grove sous une fausse identité ? Mary Ingalls
20%
Qui a vécu avec sa femme sur les terres de la ferme de La Petite Maison dans la Prairie avant que Charles et sa famille ne s'y installent ? (Ce dernier fait une promesse de vente pour la maison à Charles après une tornade avant de se rétracter) Matthew Simms
20%
Lorsque Charles et Edwards trouvent un travail de convoyeur de nitroglycérine, ils font équipe avec un certain Henry Hill et un irlandais. Qui est cet irlandais ? Murphy
20%
Chez qui Charles fait escale lorsqu'il se rend chez son père dans le Wisconsin ? Peter Ingalls
20%
Qui martyrise Walnut Grove avec ses frères George et Bubba et fini par être chassé du village après que le Révérend Alden lui est fait une clé de bras ? Sam Galender
20%
Qui devient le joueur de l'orgue de l'église de Walnut Grove et s'éprend de Mme Cooper, une vieille femme acariâtre qu'il va tenter de séduire…? Toby No
20%
Lors d'un soir d'Halloween, Laura aperçoit Monsieur Oleson trancher la tête de ce qu'elle pense être Madame Oleson (ce qui est un mannequin en réalité). Avec qui principalement Laura mène l'enquête sur le meurtre supposé ? Carl Edwards
13%
Qui charme Mme Oleson et lui vend un médicament miracle de sa fabrication à base d'alcool ? Docteur Logan
13%
Qui est momentanément hébergé(e) chez les Fisher et parle à ses hôtes d'un nouvel outil de communication qu'ils ne connaissent pas et qui vient d'être inventé par Alexander Graham Bell : le téléphone ? Mary Ingalls
13%
Qui est le manager du boxeur Joe Kagan et de son fils Tim Kagan ? Moody
13%
Lors de la fête au village, qui affronte Charles Ingalls en finale de la compétition du meilleur bûcheron et s'impose car Charles décide de prendre une hache moins bien aiguisée ? Jim Tyler
7%
Qui fait croire à ses parents qu'il est aveugle afin de les garder auprès de lui après avoir su qu'ils voulaient divorcer ? Jordan Harrison
7%
Qui est le garçon avec qui Mary a une douce idylle avant de devenir aveugle ? Seth Barton
7%
Aucun quiz correspondant
Distribution des résultats
% des personnes avec chaque résultat
Percentile par nombre de réponses
Votre historique - résultats
Vous n’avez pas pris ce quiz